Gears Of War - Statistics

General Stats
  • This quiz has been taken 721 times
  • The average score is 8 of 14
Answer Stats
Hint Answer % Correct
Marcus Fenix
95%
Augustus Cole
89%
Damon Baird
85%
Dominic Santiago
85%
Anthony Carmine
77%
Chairmen Prescott
57%
Victor Hoffman
56%
Anya Stroud
52%
General RAAM
51%
Queen Myrrah
40%
Tai Kaliso
34%
Jace Straton
28%
Bernie Mataki
14%
Dizzy Wallen
13%
No matching quizzes found
Score Distribution
Percent of People with Each Score
Percentile by Number Answered
Your Score History
You have not taken this quiz